000 00451cam6a220015700 4500
005 20190819105129.0
008 970210
020 _a997002034X
035 _a(Sirsi) a151167
050 0 _aPN1980
_bOku 1994
100 1 _aOkurut, Mary Karooro
_6A103708.1
245 1 0 _aThe curse of the sacred cow /
_cMary Karooro Okurut.
260 _aKampala :
_bFountain Publishers,
_c1980.
350 _a25
650 0 _aDrama
_6S902.1
999 _c104298
_d104298